00282pab a2200121 454500008004000000100001700040245003800057260000900095300001200104362000800116650002000124773001600144180718b2013 xxu||||| |||| 00| 0 eng d aTiwari, K.N. aRural education - the way forward c2013 ap.3-10. aSep aRural education aKurukshetra